<?xml version="1.0" encoding="UTF-8"?>
<marc:record xmlns:marc="http://www.loc.gov/MARC21/slim">
   <marc:leader>00000nam a2200000 a 4500</marc:leader>
   <marc:datafield ind1="1" ind2=" " tag="100">
      <marc:subfield code="a">James, Peter</marc:subfield>
      <marc:subfield code="4">ctb</marc:subfield>
      <marc:subfield code="e">Mitwirkende/-r</marc:subfield>
   </marc:datafield>
   <marc:datafield ind1="1" ind2=" " tag="100">
      <marc:subfield code="a">Stockerl, Hans Jürgen</marc:subfield>
      <marc:subfield code="4">ctb</marc:subfield>
      <marc:subfield code="e">Mitwirkende/-r</marc:subfield>
   </marc:datafield>
   <marc:datafield ind1="1" ind2=" " tag="100">
      <marc:subfield code="a">Goga-Klinkenberg, Susanne</marc:subfield>
      <marc:subfield code="4">ctb</marc:subfield>
      <marc:subfield code="e">Mitwirkende/-r</marc:subfield>
   </marc:datafield>
   <marc:datafield ind1="1" ind2=" " tag="100">
      <marc:subfield code="a">Michel, Holger</marc:subfield>
      <marc:subfield code="4">ctb</marc:subfield>
      <marc:subfield code="e">Mitwirkende/-r</marc:subfield>
   </marc:datafield>
   <marc:datafield ind1="1" ind2=" " tag="100">
      <marc:subfield code="a">Krusemark, Günther</marc:subfield>
      <marc:subfield code="4">ctb</marc:subfield>
      <marc:subfield code="e">Mitwirkende/-r</marc:subfield>
   </marc:datafield>
   <marc:datafield ind1=" " ind2=" " tag="653">
      <marc:subfield code="a">CD</marc:subfield>
   </marc:datafield>
   <marc:datafield ind1="0" ind2="0" tag="245">
      <marc:subfield code="a">Hans Jürgen Stockerl liest Peter James, Du sollst nicht sterben</marc:subfield>
   </marc:datafield>
   <marc:datafield ind1="0" ind2="0" tag="245">
      <marc:subfield code="b">ein neuer Fall für Roy Grace</marc:subfield>
   </marc:datafield>
   <marc:datafield ind1="0" ind2="0" tag="245">
      <marc:subfield code="c">Dt. von von Susanne Goga-Klinkenberg. Hörbuchfassung: Holger Michel. Regie: Günther Krusemark</marc:subfield>
   </marc:datafield>
   <marc:datafield ind1=" " ind2="1" tag="264">
      <marc:subfield code="a">Berlin</marc:subfield>
      <marc:subfield code="b">Argon-Verl.</marc:subfield>
      <marc:subfield code="c">2011</marc:subfield>
   </marc:datafield>
   <marc:datafield ind1="1" ind2=" " tag="520">
      <marc:subfield code="a">Angaben aus der Verlagsmeldung

Du sollst nicht sterben : Ein neuer Fall für Roy Grace Dead Like You / von Peter James

Vergiss nie, dass ich dir ganz nah bin …

Das Metropol Hotel in Brighton. Nach einem ausgelassenen Silvesterball wird eine junge Frau auf ihrem Heimweg brutal attackiert. Eine Woche später trifft es eine andere junge Frau. Beiden Opfern werden die schicken Designerschuhe abgenommen. Detective Superintendent Roy Grace weiß bald, woran ihn diese Fälle erinnern: 1997 gab es schon einmal ähnliche Vorfälle, eine Serie von Vergewaltigungen, die aber nie aufgeklärt werden konnten. Hat Roy Grace es jetzt mit einem Nachahmungstäter zu tun? Oder ist der »Schuh-Dieb« wieder zurück? Nach weiteren beunruhigenden Ereignissen ist sich Roy Grace sicher, dass es der Täter von damals sein muss. Und das bringt ihn und sein Team in akute Handlungsnot.
</marc:subfield>
   </marc:datafield>
   <marc:datafield ind1=" " ind2=" " tag="020">
      <marc:subfield code="a">9783839811092</marc:subfield>
      <marc:subfield code="9">9783839811092</marc:subfield>
   </marc:datafield>
   <marc:datafield ind1=" " ind2=" " tag="020">
      <marc:subfield code="a">3839811090</marc:subfield>
      <marc:subfield code="9">3839811090</marc:subfield>
   </marc:datafield>
   <marc:datafield ind1=" " ind2=" " tag="041">
      <marc:subfield code="a">ger</marc:subfield>
   </marc:datafield>
   <marc:datafield ind1=" " ind2=" " tag="300">
      <marc:subfield code="a">6 CDs (458 Min.)</marc:subfield>
   </marc:datafield>
</marc:record>
